5HLuxD.jpg

KING HENRY VIII SENIOR AND PRIMARY SCHOOL LIBRARY OPAC

The killing sea : (Record no. 129)

000 -LEADER
fixed length control field 01418cam a2200349 a 4500
001 - CONTROL NUMBER
control field 15336922
003 - CONTROL NUMBER IDENTIFIER
control field OSt
005 - DATE AND TIME OF LATEST TRANSACTION
control field 20190726142458.0
008 - FIXED-LENGTH DATA ELEMENTS--GENERAL INFORMATION
fixed length control field 080619r20082007nyub c 000 1 eng
010 ## - LIBRARY OF CONGRESS CONTROL NUMBER
LC control number 2008274432
020 ## - INTERNATIONAL STANDARD BOOK NUMBER
International Standard Book Number 9781416953722 (pbk.)
020 ## - INTERNATIONAL STANDARD BOOK NUMBER
International Standard Book Number 1416953728 (pbk.)
040 ## - CATALOGING SOURCE
Original cataloging agency DLC
Transcribing agency DLC
042 ## - AUTHENTICATION CODE
Authentication code lcac
082 00 - DEWEY DECIMAL CLASSIFICATION NUMBER
Classification number FIC LEW
Edition number 22
100 1# - MAIN ENTRY--PERSONAL NAME
Personal name Lewis, Richard,
Dates associated with a name 1949-
Relator term author
245 14 - TITLE STATEMENT
Title The killing sea :
Remainder of title a novel about the tsunami that stunned the world /
Statement of responsibility, etc. Richard Lewis.
250 ## - EDITION STATEMENT
Edition statement 1st Simon Pulse ed.
260 ## - PUBLICATION, DISTRIBUTION, ETC.
Place of publication, distribution, etc. New York :
Name of publisher, distributor, etc. Simon Pulse,
Date of publication, distribution, etc. 2008.
300 ## - PHYSICAL DESCRIPTION
Extent 225, [5] p. :
Other physical details maps ;
Dimensions 18 cm.
520 ## - SUMMARY, ETC.
Summary, etc. In the aftermath of the 2004 tsunami in Sumatra, two teenagers, American Sarah and Acehnese Ruslan, meet and continue together their arduous climb inland, where Ruslan hopes to find his father and Sarah seeks a doctor for her brother. Includes maps and author's note about the tsunami on which the story is based.
650 #1 - SUBJECT ADDED ENTRY--TOPICAL TERM
Topical term or geographic name entry element Survival
Form subdivision Fiction.
650 #1 - SUBJECT ADDED ENTRY--TOPICAL TERM
Topical term or geographic name entry element Indian Ocean Tsunami, 2004
Form subdivision Fiction.
650 #1 - SUBJECT ADDED ENTRY--TOPICAL TERM
Topical term or geographic name entry element Tsunamis
Form subdivision Fiction.
650 #1 - SUBJECT ADDED ENTRY--TOPICAL TERM
Topical term or geographic name entry element Brothers and sisters
Form subdivision Fiction.
650 #1 - SUBJECT ADDED ENTRY--TOPICAL TERM
Topical term or geographic name entry element Americans
Geographic subdivision Indonesia
Form subdivision Fiction.
651 #1 - SUBJECT ADDED ENTRY--GEOGRAPHIC NAME
Geographic name Sumatra (Indonesia)
Form subdivision Fiction.
651 #1 - SUBJECT ADDED ENTRY--GEOGRAPHIC NAME
Geographic name Indonesia
Form subdivision Fiction.
906 ## - LOCAL DATA ELEMENT F, LDF (RLIN)
a 7
b cbc
c orignew
d 2
e ncip
f 20
g y-gencatlg
942 ## - ADDED ENTRY ELEMENTS (KOHA)
Source of classification or shelving scheme
Koha item type Books - Fiction
Holdings
Withdrawn status Lost status Source of classification or shelving scheme Damaged status Not for loan Collection code Permanent Location Current Location Shelving location Date acquired Total Checkouts Total Renewals Full call number Barcode Date last seen Date last checked out Price effective from Koha item type
          Fiction KH8 Senior School Library KH8 Senior School Library Fiction 2019-07-26 1 1 FIC LEW 3KHSL000101098 2024-07-17 2020-10-01 2019-07-26 Books - Fiction

Powered By KH8 IT Dept